| 000 | 00647nam a2200265Ia 4500 | ||
|---|---|---|---|
| 008 | 180803s9999 xx 000 0 und d | ||
| 020 | _a9780545204132 | ||
| 050 | _bD372 2009 | ||
| 100 | _aDemas, Corinne | ||
| 245 | 0 | _aAlways in trouble / | |
| 245 | 0 | _cby Corinne Demas ; pictures by Noah Z. Jones. | |
| 260 | _aBroadway, New York : | ||
| 260 | _bScholastic, | ||
| 260 | _c2009 | ||
| 300 | _aunpaged : | ||
| 300 | _bcolored ; | ||
| 300 | _c23cm. | ||
| 500 | _a540 | ||
| 650 | _aDogs -- Training | ||
| 650 | _aHumorous stories -- | ||
| 650 | _xFiction. | ||
| 650 | _xFiction. | ||
| 700 | _aJones, Noah. | ||
| 700 | _aTitle. | ||
| 999 |
_c358303 _d358303 |
||